00466nam a2200157Ia 4500008004100000040001900041041001200060082002400072100001500096245010100111260002800212300001800240650001600258700001600274850001800290131103s9999 xx 000 0 und d aLoreto College aEnglish a510/HALbLCBED/3553 aHall, H.S. aElementary algebra for schoolsb containing a full treatment og graphs cH.S.Hall and S.R.Knight aLondonbMacmillanc1962 a556p c 19cm. aMathematics aKnight,S.R. aLCBED/510/HAL